00917 2200313 4500001002100000005001500021035002000036007000300056008004100059020002200100082001500122084001700137100002200154245009200176250003400268300003100302500001100333650002000344504003300364264003200397336002100429337003000450338002300480040002200503090002200525850001200547999002200559990002200581INLIS00000000090109620260105114751 a0010-0126000029ta260105s2025 yoi g 01 0 ind d a978-634-01-1680-904223a297.27 a297.27 JAM s0 aJamaliePengarang10aSosiologi pendidikan Islam :bmengamati relasi sosial muslim dalam pendidikan /cJamali aCetakan pertama: Oktober 2025 axliv, 203 halaman ;c23 cm aIndeks 4aSosiologi Islam aBibliografi: halaman 185-19531aSleman :bDeepublish,c2025 2rdacontentateks 2rdamediaatanpa perantara 2rdacarrieravolume aYOPDYOGbinderda aCB-D.11 2025-3802 aYOPDYOG aCB-D.11/2025-3802 aCB-D.11/2025-3802